Hacia la Calidad en Salud (Registro nro. 1186)

Detalles MARC
000 -LEADER
fixed length control field 00525nas a22001457a 4500
008 - CAMPO DE CONTROL RECURSOS CONTINUADOS
fixed length control field 130227t20079999ag ||||| |||| 00| 0 spa d
022 ## - INTERNATIONAL STANDARD SERIAL NUMBER
International Standard Serial Number 1669-8762
245 ## - TITULO
Titulo Hacia la Calidad en Salud
260 ## - PUBLICACION, DISTRIBUCION, ETC. (PIE DE IMPRENTA)
Lugar de publicación, distribución, etc La Plata:
Nombre de la editorial, distribuidor, etc. Comisión Interinstitucional para el Desarrollo de la Calidad en la Atención Médica,
Fecha de publicación 2007
300 ## - DESCRIPCION FISICA
Extensión v. :
546 ## - NOTA DE IDIOMA
Nota de lenguaje español
590 ## - NOTAS LOCALES (RLIN)
Nota local Existencias: 2007 2(4,5); 2008 (6); 2009 (9); 2010 (10)<br/>BAJA DEPOSITO (CAJA 17) MAYO 2017
650 ## - MATERIA-TERMINO TEMATICO
Término temático CALIDAD DE LA ATENCION EN SALUD
9 (RLIN) 1913
942 ## - ADDED ENTRY ELEMENTS (KOHA)
Source of classification or shelving scheme Dewey Decimal Classification
Item type Continuing Resources

No hay ítems disponibles.


UNIVERSIDAD NACIONAL DEL COMAHUE
Biblioteca de la Facultad de Ciencias Médicas
Sede Toschi: Los Arrayanes y Av. Toschi, Cipolletti  - Rio Negro
Sede Los Tordos:  Yrigoyen al 2211, Cipolletti - Rio Negro 

Teléfono: 0299 - 4774707 int 25
Contacto: biblioteca@facimed.uncoma.edu.ar
© 2011 - 2026